Národný seminár v Banskej Bystrici

Bibliographic Details
Main Author: Takáčová, Libuša (Author)
Format: Article
Language:Slovak
Subjects:

MARC

LEADER 00000nab a2200000 a 4500
001 vtls000264347
003 SK-MaSNL
005 20260303190641.0
008 140905c1986 xo 0 slo
015 |a SNBRB19rr/mm-uuuuu 
035 |a CL0274461 
040 |a SNKBUCL  |b slo  |c SNKBUCL  |e AACR2 
041 0 |a slo 
044 |a xo  |c SK 
080 |a 808.54:373.3:061.3  |2 1981 
080 |a 373.3  |2 1981 
080 |a 061.3  |2 1981 
100 1 |a Takáčová, Libuša  |4 aut  |9 6136 
245 1 0 |a Národný seminár v Banskej Bystrici  |c Libuša Takáčová 
650 0 7 |a slovenčina  |2 snkbucl  |9 1350 
650 0 7 |a vyučovanie  |2 snkbucl  |9 1522 
655 7 |a články z novín a časopisov  |2 snkbucl  |9 267496 
773 0 |t Slovenský jazyk a literatúra v škole  |g Roč. 32, č. 5 (1986), s. 153-155 
850 |a Slovenská národná knižnica v Martine  |a MTA001 
852 |a SNK  |b KIS3GCP 
957 |a 5301 
958 |a RK 
992 |a RBX 
999 |c 2137396  |d 2139326